000
00240 a2200097 4500
001
58649
100
_a
245
_a
Dynamics of south asian security ; internal and external
260
_a
Karachi
_b
Fazlee sons
_c
1998
090
_c
35973
_d
35973
942
_a
NUST-CAE
_c
_c
28861
999
_c
293722
_d
293722